| 000 | 00674nam a2200181Ia 4500 | ||
|---|---|---|---|
| 008 | 100921s9999 xx 000 0 und d | ||
| 082 |
_b24224 _a808.068 थ 88 |
||
| 100 | _aबाबर सरोजिनी. | ||
| 245 | _aपाटपाणी. | ||
| 260 |
_bपुणे विद्यार्थीगृह प्रकाशन,पुणे. _c1988 |
||
| 300 |
_a95 _bमॅजेस्टीक प्रकाशन,पुणे. |
||
| 365 | _b12 | ||
| 520 | _aललित-बालवाङ्रमय. | ||
| 630 | _aपाटपाणी. | ||
| 650 | _aललित-बालवाङ्रमय. | ||
| 730 | _aपाटपाणी. | ||
| 942 | _cBOOK | ||
| 999 |
_c773337 _d773334 |
||